[Event "Krakow op-A 34th"]
[Site "Krakow"]
[Date "2024.01.04"]
[Round "9"]
[White "Jedraszek, Pawel"]
[Black "Kazantzoglou, Stefanos"]
[Result "0-1"]
[WhiteElo "2124"]
[BlackElo "2152"]
[PlyCount "108"]
[EventDate "2023.12.27"]
[EventType "swiss"]
[EventRounds "9"]
[EventCountry "POL"]
[SourceTitle "CB02_2024"]
[SourceDate "2024.01.10"]
[SourceVersion "1"]
[SourceVersionDate "2024.01.10"]
[SourceQuality "1"]

1. e4 e5 2. Nf3 Nc6 3. Bb5 a6 4. Ba4 Nf6 5. 0-0 b5 6. Bb3 Bc5 7. a4 Rb8 8. Nxe5 Nxe5 9. d4 Bxd4 10. Qxd4 d6 11. f4 Nc6 12. Qc3 Ne7 13. Qe1 0-0 14. f5 Bb7 15. Nc3 b4 16. Ne2 Kh8 17. Ng3 Qd7 18. Rf4 a5 19. Qe2 Rbe8 20. Bd2 Nc6 21. Qf2 Ne5 22. Rh4 d5 23. Bg5 Neg4 24. Qd4 c5 25. Qxc5 dxe4 26. Nh5 Nxh5 27. Rxg4 Nf6 28. Rh4 Qc6 29. Qe3 Re5 30. Rf1 Qc5 31. Qxc5 Rxc5 32. Be3 Rcc8 33. g4 Nd5 34. Bd4 e3 35. g5 f6 36. g6 h6 37. Rf3 Rfe8 38. Kf1 Ba6+ 39. Ke1 Bc4 40. Bxc4 Rxc4 41. Bxf6 Rxc2 42. Bg5 Rxb2 43. f6 Rb1+ 44. Ke2 gxf6 45. Bxh6 Kg8 46. Rfh3 Nc3+ 47. Kf3 Rf1+ 48. Kg2 Rf2+ 49. Kg3 Ne2+ 50. Kg4 Re4+ 51. Kh5 Rf5+ 52. Bg5 Rxg5+ 53. Kh6 Nd4 54. Rxe4 Nf5# 0-1

[Event "Krakow op-A 34th"]
[Site "Krakow"]
[Date "2024.01.02"]
[Round "7"]
[White "Wojdak, Jan"]
[Black "Jedraszek, Pawel"]
[Result "1/2-1/2"]
[WhiteElo "2219"]
[BlackElo "2124"]
[PlyCount "78"]
[EventDate "2023.12.27"]
[EventType "swiss"]
[EventRounds "9"]
[EventCountry "POL"]
[SourceTitle "CB02_2024"]
[SourceDate "2024.01.10"]
[SourceVersion "1"]
[SourceVersionDate "2024.01.10"]
[SourceQuality "1"]

1. e4 e5 2. Nf3 Nc6 3. Bc4 Nf6 4. d3 Bc5 5. Nc3 d6 6. Na4 Bb6 7. a3 h6 8. h3 0-0 9. 0-0 Be6 10. Bxe6 fxe6 11. b4 Qe8 12. Nxb6 axb6 13. c3 Qf7 14. Nh2 Qg6 15. Ng4 Rf7 16. Nxf6+ Rxf6 17. Be3 d5 18. Qg4 Qf7 19. c4 dxc4 20. dxc4 Nd4 21. Ra2 c5 22. bxc5 bxc5 23. f4 exf4 24. Rxf4 Rxf4 25. Bxf4 Kh7 26. Be5 Nc6 27. Bd6 Ra4 28. e5 Na5 29. Qe4+ Qg6 30. Qxg6+ Kxg6 31. Bxc5 Nxc4 32. Bd6 Ra6 33. Rc2 b5 34. Bb4 Ra4 35. Bf8 Kf7 36. Rf2+ Kg8 37. Bb4 Nxe5 38. Rf8+ Kh7 39. Rb8 Nc6 1/2-1/2

[Event "Krakow op-A 34th"]
[Site "Krakow"]
[Date "2023.12.27"]
[Round "1"]
[White "Lukasiewicz, Krzysztof"]
[Black "Jedraszek, Pawel"]
[Result "0-1"]
[WhiteElo "2290"]
[BlackElo "2124"]
[PlyCount "90"]
[EventDate "2023.12.27"]
[EventType "swiss"]
[EventRounds "9"]
[EventCountry "POL"]
[SourceTitle "CB02_2024"]
[SourceDate "2024.01.10"]
[SourceVersion "1"]
[SourceVersionDate "2024.01.10"]
[SourceQuality "1"]

1. d4 Nf6 2. Bf4 g6 3. Nc3 d5 4. e3 Bg7 5. Nb5 Na6 6. Nc3 Nb8 7. h4 0-0 8. h5 c5 9. hxg6 hxg6 10. Nf3 Nc6 11. Be2 Bf5 12. Ne5 cxd4 13. exd4 Qb6 14. Nxc6 bxc6 15. Na4 Qd8 16. g4 Bc8 17. f3 Nd7 18. Qd2 e5 19. Bg5 f6 20. Bh6 Rf7 21. 0-0-0 Rb8 22. Bd3 Nf8 23. g5 exd4 24. Rde1 Bd7 25. Nc5 f5 26. Bxg7 Rxg7 27. Qf4 Qb6 28. Qxd4 Qb4 29. c4 Re8 30. Rxe8 Bxe8 31. a3 Qb6 32. cxd5 cxd5 33. Qxd5+ Bf7 34. Qd4 Nd7 35. b4 Nxc5 36. bxc5 Qa5 37. Qb4 Qd8 38. Qh4 Kf8 39. Qh8+ Bg8 40. Rd1 Qa5 41. Rd2 Qxc5+ 42. Bc2 Qxa3+ 43. Kd1 Qa1+ 44. Bb1 Qxb1+ 45. Ke2 Re7+ 0-1

[Event "POL-chT 2nd League"]
[Site "Jastrzebia Gora"]
[Date "2023.09.06"]
[Round "5.121"]
[White "Kutowski, Marcel"]
[Black "Jedraszek, Pawel"]
[Result "1-0"]
[WhiteElo "2170"]
[BlackElo "2098"]
[PlyCount "109"]
[EventDate "2023.09.02"]
[EventType "team-swiss"]
[EventRounds "9"]
[EventCountry "POL"]
[SourceTitle "EXT 2024"]
[Source "ChessBase"]
[SourceDate "2023.10.10"]
[SourceVersion "1"]
[SourceVersionDate "2023.10.10"]
[SourceQuality "1"]
[WhiteTeam "Chrzanow Olimpijczyk"]
[BlackTeam "Kalisz KTS"]
[WhiteTeamCountry "POL"]
[BlackTeamCountry "POL"]

1. e4 c5 2. Nf3 e6 3. g3 a6 4. Bg2 b5 5. 0-0 Bb7 6. Re1 d6 7. d4 cxd4 8. Nxd4 Qc7 9. a4 bxa4 10. Rxa4 Nd7 11. Nc3 Be7 12. Qe2 Nb6 13. Rb4 Nf6 14. Rb3 0-0 15. e5 Bxg2 16. exf6 Bxf6 17. Nxe6 fxe6 18. Qxe6+ Kh8 19. Kxg2 Qc6+ 20. Qe4 d5 21. Qe6 Qxe6 22. Rxe6 Nd7 23. Na4 Rfc8 24. c3 d4 25. Rd6 Rc4 26. Rxd7 Rxa4 27. Ra7 Rd8 28. cxd4 Bxd4 29. Rd3 Rc8 30. Rd7 Bf6 31. b3 Ra2 32. Rd2 Rxd2 33. Bxd2 Rc2 34. Rd6 Kg8 35. Kf3 Kf7 36. Ke4 Rb2 37. Rd3 Ke6 38. f4 g6 39. g4 Be7 40. f5+ gxf5+ 41. gxf5+ Kf7 42. Bf4 Re2+ 43. Re3 Rb2 44. Rh3 h5 45. Rxh5 Rxb3 46. Rh7+ Ke8 47. Be3 Rb1 48. Bd4 Kf8 49. f6 Ba3 50. Kf5 Ke8 51. Ke6 Kd8 52. Rh8+ Kc7 53. Be5+ Kc6 54. Rc8+ Kb7 55. Rb8+ 1-0

[Event "POL-ch Rapid U18"]
[Site "Bydgoszcz"]
[Date "2023.08.30"]
[Round "11"]
[White "Wojdak, Jan"]
[Black "Jedraszek, Pawel"]
[Result "1-0"]
[WhiteElo "2137"]
[BlackElo "1850"]
[PlyCount "85"]
[EventDate "2023.08.28"]
[EventType "swiss"]
[EventRounds "11"]
[EventCountry "POL"]
[SourceTitle "EXT 2024"]
[Source "ChessBase"]
[SourceDate "2023.10.10"]
[SourceVersion "1"]
[SourceVersionDate "2023.10.10"]
[SourceQuality "1"]

1. e4 c5 2. Nf3 e6 3. d4 cxd4 4. Nxd4 Nc6 5. Nb5 d6 6. c4 Nf6 7. N1c3 a6 8. Na3 Qa5 9. Bd2 Be7 10. Bd3 0-0 11. Nd5 Qd8 12. Nxe7+ Qxe7 13. 0-0 d5 14. cxd5 exd5 15. exd5 Nxd5 16. Bxh7+ Kxh7 17. Qh5+ Kg8 18. Qxd5 Rd8 19. Qg5 Qxg5 20. Bxg5 Rd5 21. Be3 Be6 22. Nc4 Rad8 23. b3 Nb4 24. Nb2 Nc2 25. Rad1 Nxe3 26. fxe3 b5 27. Rxd5 Rxd5 28. Rd1 Rxd1+ 29. Nxd1 b4 30. e4 f5 31. Kf2 fxe4 32. Ke3 a5 33. Kxe4 g6 34. Nb2 Bf5+ 35. Ke5 Bb1 36. Nc4 a4 37. bxa4 Bxa2 38. Nb2 Bb1 39. g4 Ba2 40. a5 Bf7 41. a6 Be8 42. Kd6 g5 43. a7 1-0

[Event "Polanica Zdroj op 59th"]
[Site "Polanica Zdroj"]
[Date "2023.08.26"]
[Round "8"]
[White "Smietanska, Wiktoria"]
[Black "Jedraszek, Pawel"]
[Result "1-0"]
[WhiteElo "2017"]
[BlackElo "2059"]
[PlyCount "93"]
[EventDate "2023.08.19"]
[EventType "swiss"]
[EventRounds "9"]
[EventCountry "POL"]
[SourceTitle "CBM 215 Extra"]
[Source "ChessBase"]
[SourceDate "2023.09.30"]
[SourceVersion "1"]
[SourceVersionDate "2023.09.30"]
[SourceQuality "1"]

1. e4 c5 2. Nf3 e6 3. d4 cxd4 4. Nxd4 Nc6 5. Nc3 Qc7 6. Be2 a6 7. 0-0 Nf6 8. a3 Be7 9. Be3 0-0 10. f4 d6 11. Kh1 Bd7 12. Bd3 Rad8 13. Qf3 Nxd4 14. Bxd4 Bc6 15. Qh3 g6 16. f5 gxf5 17. Qh6 e5 18. Rxf5 Ng4 19. Qh3 Kh8 20. Qxg4 exd4 21. Nd5 Qd7 22. Qf4 Qe6 23. Rf1 f6 24. Qf2 Rg8 25. Nxe7 Qxe7 26. Qxd4 Rdf8 27. Rxf6 Qg7 28. Qf2 Rxf6 29. Qxf6 Qxf6 30. Rxf6 d5 31. exd5 Bxd5 32. Rf2 Re8 33. Re2 Rf8 34. Kg1 Rf7 35. Re5 Bc6 36. g3 Kg7 37. Rg5+ Kh8 38. Bc4 Rf8 39. Bd5 Ba4 40. b3 Bb5 41. a4 Be2 42. Bxb7 Rf1+ 43. Kg2 Rc1 44. Be4 Bd1 45. Rc5 a5 46. Kf2 h5 47. h3 1-0

[Event "Polanica Zdroj op 59th"]
[Site "Polanica Zdroj"]
[Date "2023.08.23"]
[Round "5"]
[White "Cyborowski, Lukasz"]
[Black "Jedraszek, Pawel"]
[Result "1-0"]
[WhiteElo "2493"]
[BlackElo "2059"]
[PlyCount "73"]
[EventDate "2023.08.19"]
[EventType "swiss"]
[EventRounds "9"]
[EventCountry "POL"]
[SourceTitle "CBM 215 Extra"]
[Source "ChessBase"]
[SourceDate "2023.09.30"]
[SourceVersion "1"]
[SourceVersionDate "2023.09.30"]
[SourceQuality "1"]

1. d4 Nf6 2. c4 g6 3. Nc3 Bg7 4. Nf3 d6 5. Bf4 Nh5 6. Bg5 h6 7. Bh4 g5 8. Bg3 Nxg3 9. hxg3 c5 10. d5 Qb6 11. Qc1 f5 12. e3 0-0 13. Bd3 Na6 14. a3 e6 15. dxe6 Bxe6 16. Qc2 Qd8 17. Rd1 Qf6 18. Nb5 Rad8 19. b3 Rf7 20. 0-0 b6 21. e4 f4 22. Nxd6 fxg3 23. e5 Qe7 24. Bh7+ Kh8 25. Nxf7+ Bxf7 26. Rxd8+ Qxd8 27. fxg3 Nc7 28. Rd1 Qe8 29. Qe4 g4 30. Nh4 Bxe5 31. Ng6+ Bxg6 32. Bxg6 Qe6 33. Bf5 Qf6 34. Rd7 Kg8 35. Qxg4+ Kf8 36. Kh2 a5 37. Bg6 1-0

[Event "POL-chT U18 1st"]
[Site "Poland"]
[Date "2022.06.27"]
[Round "3.1"]
[White "Jedraszek, Pawel"]
[Black "Suder, Jakub"]
[Result "0-1"]
[WhiteElo "1933"]
[BlackElo "2306"]
[PlyCount "138"]
[EventDate "2022.06.25"]
[EventType "team-swiss"]
[EventRounds "9"]
[EventCountry "POL"]
[SourceTitle "EXT 2023"]
[Source "ChessBase"]
[SourceDate "2022.10.05"]
[SourceVersion "1"]
[SourceVersionDate "2022.10.05"]
[SourceQuality "1"]
[WhiteTeam "Kalisz KTS"]
[BlackTeam "Myslenice MAT"]
[WhiteTeamCountry "POL"]
[BlackTeamCountry "POL"]

1. d4 d5 2. c4 e6 3. Nf3 a6 4. g3 dxc4 5. Bg2 b5 6. Ne5 c6 7. 0-0 Bb7 8. b3 cxb3 9. axb3 Nf6 10. Ba3 Bxa3 11. Nxa3 0-0 12. Qd2 Qd6 13. Rfc1 Rd8 14. Qa5 Rc8 15. e3 Nbd7 16. Nd3 Rab8 17. b4 e5 18. Nc2 Nd5 19. Nc5 Nxc5 20. bxc5 Qf6 21. Bxd5 cxd5 22. dxe5 Qe7 23. Nd4 Rxc5 24. Qb6 Rbc8 25. Rxc5 Rxc5 26. Nf5 Qc7 27. Qd6 h5 28. e6 Qxd6 29. Nxd6 Rc7 30. exf7+ Kf8 31. Nxb7 Rxb7 32. Rxa6 b4 33. Ra2 Kxf7 34. Kf1 Ke6 35. Ke2 Kd6 36. Kd3 Kc5 37. Rc2+ Kb5 38. Rc8 Ra7 39. Rb8+ Ka4 40. Kc2 Ka3 41. Rb5 Rc7+ 42. Kb1 Rf7 43. f4 Re7 44. Kc2 Rc7+ 45. Kd3 b3 46. Rb8 Rc4 47. h3 b2 48. Ra8+ Kb3 49. Rb8+ Ka2 50. Ra8+ Kb1 51. Kd2 Rc2+ 52. Kd1 Rg2 53. g4 hxg4 54. hxg4 Rxg4 55. Kd2 d4 56. exd4 Rxf4 57. Rb8 Rf2+ 58. Ke1 Rh2 59. Kd1 Ka2 60. Ra8+ Kb3 61. Rb8+ Kc4 62. d5 Kxd5 63. Rd8+ Ke6 64. Re8+ Kf7 65. Rb8 g5 66. Rb7+ Kg6 67. Rb6+ Kh5 68. Rb5 b1Q+ 69. Rxb1 Rh1+ 0-1

[Event "POL-ch U16"]
[Site "Sypniewo"]
[Date "2022.03.20"]
[Round "2"]
[White "Wojdak, Jan"]
[Black "Jedraszek, Pawel"]
[Result "1-0"]
[WhiteElo "2143"]
[BlackElo "1954"]
[PlyCount "59"]
[EventDate "2022.03.19"]
[EventType "swiss"]
[EventRounds "9"]
[EventCountry "POL"]
[SourceTitle "CBM 207 Extra"]
[Source "ChessBase"]
[SourceDate "2022.05.31"]
[SourceVersion "1"]
[SourceVersionDate "2022.05.31"]
[SourceQuality "1"]

1. e4 c5 2. Nf3 d6 3. d4 cxd4 4. Nxd4 Nf6 5. Nc3 a6 6. g3 e5 7. Nb3 Be6 8. Bg2 b5 9. a4 b4 10. Nd5 Bxd5 11. exd5 a5 12. Be3 Nbd7 13. 0-0 Be7 14. Qe2 0-0 15. Rac1 Qb8 16. c4 bxc3 17. Rxc3 Qb4 18. Ra1 Rfb8 19. Ra3 Qb7 20. Rc6 e4 21. Nd4 Qxb2 22. Rc8+ Rxc8 23. Qxb2 Nxd5 24. Bxe4 N7f6 25. Bf3 Rab8 26. Rb3 Nb4 27. Nf5 Bf8 28. Nh6+ gxh6 29. Qxf6 Bg7 30. Qf5 1-0

[Event "POL-ch U16"]
[Site "Sypniewo"]
[Date "2022.03.19"]
[Round "1"]
[White "Jedraszek, Pawel"]
[Black "Wesolek, Krzysztof"]
[Result "1-0"]
[WhiteElo "1954"]
[BlackElo "1651"]
[PlyCount "90"]
[EventDate "2022.03.19"]
[EventType "swiss"]
[EventRounds "9"]
[EventCountry "POL"]
[SourceTitle "CBM 207 Extra"]
[Source "ChessBase"]
[SourceDate "2022.05.31"]
[SourceVersion "1"]
[SourceVersionDate "2022.05.31"]
[SourceQuality "1"]

1. e4 e5 2. Nf3 Nf6 3. Nxe5 d6 4. Nf3 Nxe4 5. Nc3 Nxc3 6. dxc3 Be7 7. Bf4 Nc6 8. Qd2 Be6 9. 0-0-0 Qd7 10. Kb1 Bf6 11. h3 0-0-0 12. g4 h6 13. Bb5 a6 14. Ba4 Rhe8 15. Be3 Bc4 16. Ng1 b5 17. Bb3 Na5 18. Ne2 Nxb3 19. axb3 Bxe2 20. Qxe2 Qc6 21. Qd2 Re6 22. h4 Rde8 23. g5 hxg5 24. hxg5 Be5 25. Rh7 Qf3 26. Rdh1 d5 27. Qd3 Qe4 28. Qd1 c6 29. Qh5 g6 30. Qh3 R8e7 31. Bc5 Rd7 32. f3 Qf5 33. Qxf5 gxf5 34. R1h6 Rg6 35. Rxf7 Rxg5 36. Rxc6+ Bc7 37. Rf8+ Kb7 38. Rcf6 f4 39. Bf2 Rg2 40. Bd4 Rg3 41. Re6 Rd8 42. Rf7 Rc8 43. Be5 Kb8 44. Ree7 Rg1+ 45. Ka2 Rg2 1-0